Statistics for Most expensive football transfers - 2017-2018 Season

Click here to take the quiz!

General Stats

  • This quiz has been taken 18 times
  • The average score is 8 of 10

Answer Stats

Fee (M €)NationalityLeftJoinedPlayer% Correct
222,00BrazilBarcelonaParis SGNeymar
100%
135,00FranceBorussia DortmundBarcelonaOusmane Dembélé
94%
63,75France / GabonBorussia DortmundArsenalPierre-Emerick Aubameyang
94%
84,70BelgiumEvertonManchester UnitedRomelu Lukaku
94%
84,65NetherlandsSouthamptonLiverpoolVirgil van Dijk
94%
135,00BrazilLiverpoolBarcelonaPhilippe Coutinho
88%
65,00France / SpainAthleticManchester CityAymeric Laporte
75%
60,00Brazil / SpainChelseaAtlético MadridDiego Costa
75%
66,00SpainReal MadridChelseaÁlvaro Morata
63%
57,50FranceMonacoManchester CityBenjamin Mendy
63%

Score Distribution

Percentile by Number Answered

Percent of People with Each Score

Your Score History

You have not taken this quiz